000 00752nam a2200277Ia 4500
001 Para_3323
003 CHAP
008 220125s1915 xx 000 0 und d
010 _a201753
040 _cCHAP
082 _aPA-C 595.77 D5
100 _aWebster, R. L.
_9121313
245 _aThe hessian fly /
_c by R. L. Webster
260 _aAmes, Iowa :
_b Agricultural Experiment Station
300 _a4 p.
440 _aDíptera; 7
_9164827
500 _aEncuadernado con otros impresos similares
650 _aDípteros Hessian flies
_9164828
901 _aPA-C 595.77 D5
902 _aA
905 _a0000001915 AME 0000000000 00
910 _a1915
942 _cPARA
942 _cPARA
_d1
999 _c201753
_d201753